000 00481nam a2200181Ia 4500
005 20250326124209.0
008 250326s9999 xx 000 0 und d
037 _aTextbook
040 _aFMSL
_beng
_cFMSL
041 _aeng
_2eng
084 _aX:51:f L4
_qFMSL
100 _aFerber R
_9123155
245 0 _aHandbook of marketing research
_cFerber R
260 _aNY
_bNY, McGraw-Hill
_c1974
300 _avp
942 _cTB
_hX:51:f L4
999 _c1272697
_d1272697